000 00625nam a2200229Ia 4500
003 GCL
008 140319s9999 xx 000 0 ara d
040 _aGCL /
_cGCL
082 0 4 _a810.9
_bا ذ
100 1 _aالياس خورى
245 1 0 _aالذاكرة المفقودة: دراسات نقدية /
_cالياس خورى
300 _a379 ص
490 _a
650 0 4 _aالشعر العربى
650 0 4 _aالنقد
650 0 4 _aالقصص
650 0 4 _aالقصة
650 0 4 _aالثقافة
650 0 4 _aالادب العربى - تاريخ
650 0 4 _aالمسرح العربى
942 _2ddc
_cBK
999 _c38189
_d38189